000 00271nam a22001217a 4500
008 181106b xxu||||| |||| 00| 0 eng d
041 _aeng
080 _a321
100 _a21
101 _aPOL
245 _aThe Basic Political Writing
_cCress.D.A
942 _2udc
_cBK
999 _c51957
_d51957